000 00483nam a22001937a 4500
003 MPLRDC
005 20220104124507.0
008 210129b ||||| |||| 00| 0 eng d
020 _a7-303-01569-8
082 _a859.6 GCL v.3
100 _a葛翠林主编
245 _a奇妙的世界. 三
_c
250 _a一版一刷
260 _a
_b北京师范大学出版社
_c1992
300 _b
490 _a绿宝石丛书
650 _a儿童知识
942 _cBK
_o859.6 GCL v.3
999 _c19785
_d19775